| 000 | 00727nam a2200205 i 4500 | ||
|---|---|---|---|
| 001 | 173685 | ||
| 003 | ES-MaACL | ||
| 005 | 20230906215320.0 | ||
| 008 | 100108s1871 sp |||| | spa d | ||
| 080 | _a94(729.1)"1868/78" | ||
| 100 | 1 |
_aBernal, Calixto, _d1804-1886 _928175 |
|
| 245 | 1 | 0 |
_aCuestión de Cuba : _bvindicación / _cpor un español cubano. |
| 260 |
_aMadrid : _b[s.n.], _c1871 ( _fImp. de Nicanor Pérez Zuloaga) |
||
| 300 |
_a85 p. ; _c21 cm. |
||
| 593 | _aAutor tomado de: Diccionario cubano de seudónimos, de Figarola-Caneda | ||
| 651 | 4 |
_aCuba- _xHistoria- _y1868-1878, Guerra de los Diez Años. _98103 |
|
| 852 | 4 |
_aES-MaACL _jT-158-F-5 |
|
| 852 | 4 |
_aES-MaACL _jT-113-F-13 |
|
| 999 |
_c173685 _d173685 |
||